Technology Transfer / (Record no. 616597)

MARC details
000 -LEADER
fixed length control field 00600nam a2200169Ia 4500
008 - FIXED-LENGTH DATA ELEMENTS--GENERAL INFORMATION
fixed length control field 260302s9999 xx 000 0 und d
020 ## - INTERNATIONAL STANDARD BOOK NUMBER
ISBN 9780761997702
082 ## - DEWEY DECIMAL CLASSIFICATION NUMBER
Classification number 338.92609
Item number COH
100 ## - MAIN ENTRY--AUTHOR NAME
Personal name Cohen, Goel
245 #0 - TITLE STATEMENT
Title Technology Transfer /
Statement of responsibility, etc Cohen, Goel
260 ## - PUBLICATION, DISTRIBUTION, ETC. (IMPRINT)
Name of publisher SAGE,
Year of publication 2004
300 ## - PHYSICAL DESCRIPTION
Number of Pages 176 pages
520 ## - SUMMARY, ETC.
Summary, etc This book identifies the major factors responsible for effective transfer of information and human expertise from an advanced country or a multinational corporation to the developing world.
650 ## - SUBJECT ADDED ENTRY--TOPICAL TERM
Topical Term Business & Economics
942 ## - ADDED ENTRY ELEMENTS (KOHA)
Koha item type English Books
Holdings
Withdrawn status Lost status Damaged status Not for loan Home library Current library Shelving location Date acquired Full call number Accession Number Price effective from Koha item type
        Anna Centenary Library Anna Centenary Library 4TH FLOOR, A WING 02.03.2026 338.92609 COH 159826 02.03.2026 English Books

Find us on the map